书目信息 |
| 题名: |
白开水
|
|
| 作者: | 桃子 著 | |
| 分册: | ||
| 出版信息: | 南昌 百花洲文艺出版社 2020.09 |
|
| 页数: | 220页 | |
| 开本: | 15cm | |
| 丛书名: | ||
| 单 册: | ||
| 中图分类: | I247.82 | |
| 科图分类: | ||
| 主题词: | 小小说--小说集--中国--当代 | |
| 电子资源: | ||
| ISBN: | 978-7-5500-3271-2 | |
| 000 | 00948nam0 2200229 450 | |
| 001 | 0102100443 | |
| 005 | 20210402100825.0 | |
| 010 | @a978-7-5500-3271-2@dCNY58.00 | |
| 100 | @a20190530d2020 em y0chiy0110 ea | |
| 101 | 0 | @achi |
| 102 | @aCN@b360000 | |
| 105 | @ay z 000yy | |
| 106 | @ar | |
| 200 | 1 | @a白开水@Abai kai shui@f桃子著 |
| 210 | @a南昌@c百花洲文艺出版社@d2020.09 | |
| 215 | @a220页@d15cm | |
| 330 | @a微型小说选集。共收录作者桃子50篇精彩的小小说。白开水无色无味,却包含了所有的色彩和滋味。文集分四辑:第一辑为世态万象,诸事纷繁、林林总总、百味杂陈;第二辑为人间走笔,从多角度,多维度去诠释人间的烟火味;第三辑为百味人生,现实生活中上演了一幕幕啼笑皆非、令人感慨万千的故事;第四辑为黑白维度,是作者对人生对世界的别样思考和认知,运用了魔幻现实主义的写作手法。 | |
| 606 | 0 | @a小小说@x小说集@y中国@z当代 |
| 690 | @aI247.82@v5 | |
| 701 | 0 | @a桃子@Atao zi@4著 |
| 801 | 0 | @aCN@bBJSZM@c20210402 |
| 905 | @b1279338-42@dI247.82@e1009@f5 | |
| 白开水/桃子著.-南昌:百花洲文艺出版社,2020.09 |
| 220页;15cm |
| ISBN 978-7-5500-3271-2:CNY58.00 |
| 微型小说选集。共收录作者桃子50篇精彩的小小说。白开水无色无味,却包含了所有的色彩和滋味。文集分四辑:第一辑为世态万象,诸事纷繁、林林总总、百味杂陈;第二辑为人间走笔,从多角度,多维度去诠释人间的烟火味;第三辑为百味人生,现实生活中上演了一幕幕啼笑皆非、令人感慨万千的故事;第四辑为黑白维度,是作者对人生对世界的别样思考和认知,运用了魔幻现实主义的写作手法。 |
| ● |
| 相关链接 |
|
|
|
|
正题名:白开水
索取号:I247.82/1009
 
预约/预借
| 序号 | 登录号 | 条形码 | 馆藏地/架位号 | 状态 | 备注 |
| 1 | 1279338 | 212793388 | 第一样本阅览室/ [索取号:I247.82/1009] | 在馆 | |
| 2 | 1279339 | 212793397 | 教育系资料室/ [索取号:I247.82/1009] | 在馆 | |
| 3 | 1279340 | 212793404 | 教育系资料室/ [索取号:I247.82/1009] | 在馆 | |
| 4 | 1279341 | 212793413 | 第二借阅区/ [索取号:I247.82/1009] | 在馆 | |
| 5 | 1279342 | 212793422 | 第二借阅区/ [索取号:I247.82/1009] | 在馆 |